000 00716nam a22002177a 4500
003 UA-OsUOA
001 118308
007 ta
008 20160728b un ||||| |||| 00| 0 ukr d
100 _aСмолінський В.Б.
090 _a330(477)
_bС51
942 _cSA
040 _aUA-OsUOA
_bukr
_cUA-OsUOA
_dUA-OsUOA
245 _aІнновації в аграрному секторі: зарубіжний досвід та перспективи використання в Україні
300 _aС.24
955 _a0
041 _aukr
080 _a330(477)
773 0 _w118307
_tЕкономіка. Фінанси. Право.
_dК.
_d2016
_g6
650 7 _a330 Економіка взагалі
_2UDC
999 _c404370
_d404370